[Event "Temuco op 2nd"]
[Site "Temuco"]
[Date "2025.01.10"]
[Round "1"]
[White "Rossel Grandon, Cristobal Alejandro"]
[Black "Soriano Quispe, Ivan Excender"]
[Result "0-1"]
[WhiteElo "1719"]
[BlackElo "2321"]
[PlyCount "136"]
[EventDate "2025.01.10"]
[EventType "swiss"]
[EventRounds "9"]
[EventCountry "CHI"]
[SourceTitle "CB04_2025"]
[SourceDate "2025.01.22"]
[SourceVersion "1"]
[SourceVersionDate "2025.01.22"]
[SourceQuality "1"]

1. Nf3 Nf6 2. g3 g6 3. b3 Bg7 4. Bb2 0-0 5. Bg2 d6 6. 0-0 e5 7. d3 Nc6 8. c4 Re8 9. Nc3 h6 10. a3 a5 11. Nd2 Bg4 12. h3 Be6 13. Rc1 Qd7 14. Kh2 Rab8 15. Nd5 Nh5 16. e3 Nd8 17. b4 axb4 18. axb4 f5 19. Bf3 c6 20. Nb6 Qc7 21. Na4 Nf6 22. Nc3 Qe7 23. b5 h5 24. Bg2 c5 25. e4 Nf7 26. Nd5 Nxd5 27. exd5 Bd7 28. Re1 h4 29. Bc3 hxg3+ 30. fxg3 Bf6 31. Bf3 Kg7 32. Kg2 Rh8 33. Rh1 Ra8 34. Ra1 Ng5 35. h4 Nf7 36. h5 Rxa1 37. Qxa1 g5 38. g4 Nh6 39. gxf5 Nxf5 40. Ne4 g4 41. Be2 Ne3+ 42. Kg1 Bf5 43. Bd2 Nc2 44. Qf1 Nd4 45. h6+ Kh7 46. Ng3 Bg6 47. Ne4 Rf8 48. Qg2 Bf5 49. Ng3 Nxe2+ 50. Qxe2 Bg5 51. Kg2 Bg6 52. Ne4 Bxd2 53. Nxd2 Rf4 54. Ne4 Bxe4+ 55. dxe4 g3 56. Rf1 Qh4 57. Rxf4 exf4 58. Qf3 Qg5 59. Qd1 Qxh6 60. Qf3 Qg5 61. Qd1 Kg7 62. Qf3 Kf6 63. Kf1 g2+ 64. Kg1 Qg3 65. Qe2 Qe3+ 66. Qxe3 fxe3 67. Kxg2 Ke5 68. Kf3 e2 0-1

[Event "Valdivia op 2nd"]
[Site "Valdivia"]
[Date "2021.09.19"]
[Round "5"]
[White "Mondaca Gonzalez, Alfredo"]
[Black "Rossel Grandon, Cristobal Alejandro"]
[Result "1-0"]
[WhiteElo "1801"]
[BlackElo "1532"]
[PlyCount "109"]
[EventDate "2021.09.16"]
[EventType "swiss"]
[EventRounds "6"]
[EventCountry "CHI"]
[SourceTitle "CBM 204 Extra"]
[Source "ChessBase"]
[SourceDate "2021.11.30"]
[SourceVersion "1"]
[SourceVersionDate "2021.11.30"]
[SourceQuality "1"]

1. c4 Nf6 2. Nc3 g6 3. g3 Bg7 4. Bg2 d6 5. e4 c5 6. Nge2 Nc6 7. 0-0 0-0 8. h3 Ne8 9. d3 Nd4 10. Be3 Nc7 11. Kh2 Nce6 12. Qd2 Nxe2 13. Nxe2 Nd4 14. Nc3 a6 15. f4 Rb8 16. f5 b5 17. Rad1 b4 18. Nd5 b3 19. a3 Nc2 20. Bh6 f6 21. Bxg7 Kxg7 22. Rf4 g5 23. Rg4 e6 24. Nxf6 Qxf6 25. Rxg5+ Kh8 26. Rh5 Qxb2 27. Qf4 Qe5 28. Qh4 Qf6 29. Rxh7+ Kg8 30. Qh5 b2 31. Rh6 b1Q 32. Rxb1 Rxb1 33. Rxf6 Rxf6 34. Qe8+ Rf8 35. Qg6+ Kh8 36. f6 Rb7 37. e5 Rbf7 38. Qh6+ Kg8 39. Be4 Bb7 40. Qg6+ Kh8 41. Qh6+ Kg8 42. Bg6 dxe5 43. g4 Nxa3 44. Bxf7+ Rxf7 45. g5 e4 46. g6 Rxf6 47. Qh7+ Kf8 48. Qh8+ Ke7 49. Qg7+ Kd6 50. Qxf6 e3 51. Qf4+ Ke7 52. Qxe3 Kf6 53. Qh6 a5 54. g7+ Kf7 55. Qh7 1-0

[Event "Valdivia op 2nd"]
[Site "Valdivia"]
[Date "2021.09.18"]
[Round "3"]
[White "Pobbio Venegas, Franco Daniel"]
[Black "Rossel Grandon, Cristobal Alejandro"]
[Result "0-1"]
[WhiteElo "1802"]
[BlackElo "1532"]
[PlyCount "56"]
[EventDate "2021.09.16"]
[EventType "swiss"]
[EventRounds "6"]
[EventCountry "CHI"]
[SourceTitle "CBM 204 Extra"]
[Source "ChessBase"]
[SourceDate "2021.11.30"]
[SourceVersion "1"]
[SourceVersionDate "2021.11.30"]
[SourceQuality "1"]

1. c4 Nf6 2. Nc3 g6 3. e4 d6 4. d4 Bg7 5. f4 0-0 6. Nf3 c5 7. d5 e6 8. Be2 exd5 9. cxd5 Re8 10. e5 dxe5 11. fxe5 Ng4 12. Bg5 Qb6 13. Qa4 Bd7 14. Bb5 Nxe5 15. 0-0-0 Nxf3 16. Bxd7 Re2 17. Bb5 Bxc3 18. bxc3 Rxg2 19. Bh6 a6 20. Rde1 Nd7 21. Qe4 Nde5 22. Be2 c4 23. Bxf3 Nd3+ 24. Qxd3 cxd3 25. Bxg2 Qf2 26. Bd2 Qxg2 27. d6 Qd5 28. Bf4 Qxa2 0-1

[Event "World Cup U16 Prel"]
[Site "Tornelo INT"]
[Date "2021.08.16"]
[Round "6"]
[White "Igudin, Denis"]
[Black "Rossel Grandon, Cristobal Alejandro"]
[Result "1-0"]
[WhiteElo "1909"]
[BlackElo "1532"]
[PlyCount "103"]
[EventDate "2021.08.16"]
[EventType "swiss (rapid)"]
[EventRounds "10"]
[EventCountry "NET"]
[SourceTitle "EXT 2025"]
[Source "ChessBase"]
[SourceDate "2024.10.14"]
[SourceVersion "1"]
[SourceVersionDate "2024.10.14"]
[SourceQuality "1"]

1. e4 c5 2. Nc3 a6 3. g3 b5 4. Bg2 Bb7 5. d3 d6 6. Be3 Nf6 7. f4 Qc7 8. Nf3 g6 9. 0-0 Bg7 10. h3 0-0 11. g4 Nc6 12. f5 Ne5 13. Nh4 b4 14. Ne2 d5 15. g5 Nh5 16. exd5 Rfd8 17. c4 bxc3 18. Nxc3 Ng3 19. Rf2 Rac8 20. Rc1 c4 21. dxc4 Qxc4 22. Ne4 Qd3 23. Qxd3 Rxc1+ 24. Bxc1 Nxd3 25. Rc2 Nxe4 26. Bxe4 Bd4+ 27. Kf1 Nxc1 28. Rxc1 Bxd5 29. Bxd5 Rxd5 30. Rd1 e5 31. Nf3 gxf5 32. Ke2 f4 33. b3 Ra5 34. a4 Rc5 35. Nxd4 exd4 36. Rxd4 Rxg5 37. Rxf4 Rg3 38. Rg4+ Rxg4 39. hxg4 Kf8 40. b4 Ke7 41. Kd3 Kd6 42. Kd4 f6 43. Ke4 Ke6 44. b5 axb5 45. axb5 Kd6 46. Kf5 Kc5 47. Kxf6 Kxb5 48. Kg7 Kc6 49. Kxh7 Kd7 50. g5 Ke6 51. g6 Ke7 52. g7 1-0

[Event "World Cup U16 Prel"]
[Site "Tornelo INT"]
[Date "2021.08.16"]
[Round "9"]
[White "Rossel Grandon, Cristobal Alejandro"]
[Black "Dafa, Sirio"]
[Result "0-1"]
[WhiteElo "1532"]
[BlackElo "1068"]
[PlyCount "64"]
[EventDate "2021.08.16"]
[EventType "swiss (rapid)"]
[EventRounds "10"]
[EventCountry "NET"]
[SourceTitle "EXT 2025"]
[Source "ChessBase"]
[SourceDate "2024.10.14"]
[SourceVersion "1"]
[SourceVersionDate "2024.10.14"]
[SourceQuality "1"]

1. e4 e5 2. Nf3 Nc6 3. Bc4 Nf6 4. d3 Be7 5. c3 d6 6. h3 0-0 7. Bb3 Na5 8. Bc2 c5 9. 0-0 Nc6 10. Re1 Re8 11. Nbd2 b5 12. Nf1 h6 13. Ng3 Qc7 14. Be3 d5 15. Rc1 Be6 16. Nh2 Rad8 17. Nh5 dxe4 18. Nxf6+ Bxf6 19. Bxc5 exd3 20. Bb3 d2 21. Bxe6 Rxe6 22. Ng4 dxe1R+ 23. Qxe1 Ne7 24. Nxf6+ Rxf6 25. Bb4 Nd5 26. c4 Nxb4 27. Qxb4 bxc4 28. Rxc4 Qb6 29. Qe7 Qxf2+ 30. Kh2 Rd2 31. Rc8+ Kh7 32. Qb7 Qf4+ 0-1

[Event "Pan American-ch U14"]
[Site "Guayaquil"]
[Date "2019.07.24"]
[Round "6"]
[White "Rossel Grandon, Cristobal Alejandro"]
[Black "Ballesteros Cardenas, Leonardo"]
[Result "0-1"]
[WhiteElo "1515"]
[BlackElo "1925"]
[PlyCount "36"]
[EventDate "2019.07.21"]
[EventType "swiss"]
[EventRounds "9"]
[EventCountry "ECU"]
[SourceTitle "EXT 2020"]
[Source "ChessBase"]
[SourceDate "2019.10.17"]
[SourceVersion "1"]
[SourceVersionDate "2019.10.17"]
[SourceQuality "1"]

1. e4 c6 2. Nf3 d5 3. Nc3 dxe4 4. Nxe4 Nf6 5. Nc3 c5 6. Bb5+ Bd7 7. Bxd7+ Qxd7 8. d4 e6 9. Bf4 Nc6 10. dxc5 Bxc5 11. Qxd7+ Nxd7 12. Ne4 Be7 13. Bd6 f5 14. Neg5 Bxd6 15. 0-0-0 Bf4+ 16. Kb1 Bxg5 17. Nxg5 Ke7 18. Rhe1 e5 0-1

[Event "Pan American-ch U14"]
[Site "Guayaquil"]
[Date "2019.07.22"]
[Round "2"]
[White "Modi, Ethan"]
[Black "Rossel Grandon, Cristobal Alejandro"]
[Result "1-0"]
[WhiteElo "1787"]
[BlackElo "1515"]
[PlyCount "59"]
[EventDate "2019.07.21"]
[EventType "swiss"]
[EventRounds "9"]
[EventCountry "ECU"]
[SourceTitle "EXT 2020"]
[Source "ChessBase"]
[SourceDate "2019.10.17"]
[SourceVersion "1"]
[SourceVersionDate "2019.10.17"]
[SourceQuality "1"]

1. d4 Nf6 2. c4 g6 3. Nc3 Bg7 4. e4 d6 5. Bg5 0-0 6. Qd2 c5 7. d5 Na6 8. f3 Nc7 9. Bd3 a6 10. Nge2 Rb8 11. a4 Bd7 12. a5 b5 13. axb6 Rxb6 14. 0-0 Qb8 15. Ra2 Re8 16. Rb1 e6 17. Ng3 e5 18. Kf1 a5 19. f4 h6 20. fxe5 dxe5 21. Bxh6 Kh7 22. Bxg7 Kxg7 23. h3 Rh8 24. Qf2 Qg8 25. Qxc5 Rb7 26. Qf2 Nce8 27. c5 Bc8 28. c6 Rc7 29. Nb5 Re7 30. Bc4 1-0

[Event "Wch U12"]
[Site "Pocos de Caldas"]
[Date "2017.08.28"]
[Round "8"]
[White "Rossel Grandon, Cristobal Alejandro"]
[Black "Lopez Ramirez, David Santiago"]
[Result "0-1"]
[WhiteElo "1339"]
[BlackElo "1774"]
[PlyCount "68"]
[EventDate "2017.08.22"]
[EventType "swiss"]
[EventRounds "11"]
[EventCountry "BRA"]
[SourceTitle "CBM 180 Extra"]
[Source "ChessBase"]
[SourceDate "2017.10.06"]
[SourceVersion "1"]
[SourceVersionDate "2017.10.06"]
[SourceQuality "1"]

1. e4 c5 2. d4 cxd4 3. c3 dxc3 4. Nxc3 e6 5. Bc4 Nc6 6. Nf3 Qc7 7. 0-0 Nf6 8. Qe2 Ng4 9. h3 Nd4 10. hxg4 Nxe2+ 11. Bxe2 a6 12. Be3 Bc5 13. Bg5 b5 14. Rac1 Qb6 15. Bd3 Bb7 16. g3 0-0 17. Kg2 h6 18. Bf4 g5 19. Bd2 Kg7 20. Ne5 Qd6 21. f4 f6 22. fxg5 fxe5 23. gxh6+ Kh7 24. Nd5 exd5 25. exd5+ Kh8 26. Be4 Bxd5 27. Rxf8+ Rxf8 28. Bxd5 Qxd5+ 29. Kh3 Qxd2 30. Rxc5 Rf2 31. g5 Qxg5 32. Rc8+ Kh7 33. g4 Qxh6+ 34. Kg3 Qh2# 0-1